Largest European Cities by Letter - E - Statistics

General Stats
  • This quiz has been taken 135 times
    71 since last reset
  • The average score is 8 of 20
Answer Stats
Rank Population Country Hint City % Correct
2 481,000 United Kingdom Capital of Scotland Edinburgh
98%
1 583,000 Germany Zeche Zollverein Essen
94%
3 275,000 Finland Suburb of Helsinki Espoo
78%
5 227,000 Netherlands Philips Eindhoven
74%
7 210,000 Germany Krämerbrücke Erfurt
56%
12 122,000 United Kingdom City in Devon, Motto: Semper fidelis Exeter
56%
10 153,000 Turkey Selimiye Mosque, historically Adrianople Edirne
46%
4 228,000 Spain Costa Blanca Elche
46%
9 158,000 Netherlands Fireworks disaster Enschede
37%
13 113,000 United Kingdom Beach town with Victorian hotels Eastbourne
33%
16 108,000 Germany Bavarian city near Nuremberg Erlangen
31%
14 113,000 Netherlands 3-Letter location Ede
28%
19 91,000 Germany Stuttgart suburb Esslingen am Neckar
22%
18 104,000 Sweden Large Sweden Finn population Eskilstuna
20%
11 122,000 Poland Was part of the Hanseatic League Elbląg
19%
15 108,000 Netherlands Northeast Netherlands Emmen
19%
17 104,000 Russia Kalmyk language, Chess City Elista
17%
6 224,000 Russia Saratov's neighbor Engels
15%
8 159,000 Russia Center of metallurgy Elektrostal
11%
20 89,000 Spain Fruits and vegetables El Ejido
9%
No matching quizzes found
Score Distribution
Percent of People with Each Score
Percentile by Number Answered
Your Score History
You have not taken this quiz since the last reset